<?xml version="1.0" encoding="UTF-8"?>
<collection xmlns="http://www.loc.gov/MARC21/slim">
    <record>
        <controlfield tag="001">3868</controlfield>
        <controlfield tag="005">20190219081244.0</controlfield>
        <datafield tag="037" ind1=" " ind2=" ">
            <subfield code="a">INPRO--2009-091</subfield>
        </datafield>
        <datafield tag="041" ind1=" " ind2=" ">
            <subfield code="a">spa</subfield>
        </datafield>
        <datafield tag="100" ind1=" " ind2=" ">
            <subfield code="a">García Landa, José Ángel</subfield>
        </datafield>
        <datafield tag="245" ind1=" " ind2=" ">
            <subfield code="a">Cyberspace Everting: SPOOK COUNTRY, de William Gibson</subfield>
        </datafield>
        <datafield tag="260" ind1=" " ind2=" ">
            <subfield code="c">2008-09-23</subfield>
        </datafield>
        <datafield tag="300" ind1=" " ind2=" ">
            <subfield code="a">12</subfield>
        </datafield>
        <datafield tag="520" ind1=" " ind2=" ">
            <subfield code="a">Analizamos la novela SPOOK COUNTRY de William Gibson (2007) en relación a la problemática contemporánea sobre el impacto de la tecnología en la vida cotidiana y en la estructuración de la realidad y de la subjetividad. El análisis estilístico de la novela se pondrá en relacion con las nociones del propio autor sobre la mediatización tecnológica de la percepción y el pensamiento. ******* William Gibson's novel SPOOK COUNTRY (2007) is analyzed with reference to contemporary discussions of the impact of technology on everyday life and on the articulation of reality and of subjectivity. The stylistic analysis of the novel is related to its conception of technologically mediated perception and thought. (Language of the paper: Spanish).</subfield>
        </datafield>
        <datafield tag="540" ind1=" " ind2=" ">
            <subfield code="9">info:eu-repo/semantics/openAccess</subfield>
            <subfield code="a">Esta obra está sujeta a una licencia de uso Creative Commons. Se permite la reproducción total o parcial, la distribución, la comunicación pública de la obra y la creación de obras derivadas, siempre que no sea con finalidades comerciales, y sempre que se reconzca la autoria de la obra original.</subfield>
            <subfield code="u">https://creativecommons.org/licenses/by-nc/4.0/</subfield>
        </datafield>
        <datafield tag="653" ind1="1" ind2=" ">
            <subfield code="a">Literatura norteamericana</subfield>
        </datafield>
        <datafield tag="653" ind1="1" ind2=" ">
            <subfield code="a">Novela norteamericana</subfield>
        </datafield>
        <datafield tag="653" ind1="1" ind2=" ">
            <subfield code="a">Ciberespacio</subfield>
        </datafield>
        <datafield tag="653" ind1="1" ind2=" ">
            <subfield code="a">Tecnología</subfield>
        </datafield>
        <datafield tag="653" ind1="1" ind2=" ">
            <subfield code="a">Interiorización</subfield>
        </datafield>
        <datafield tag="653" ind1="1" ind2=" ">
            <subfield code="a">William Gibson</subfield>
        </datafield>
        <datafield tag="653" ind1="1" ind2=" ">
            <subfield code="a">Perspectiva</subfield>
        </datafield>
        <datafield tag="653" ind1="1" ind2=" ">
            <subfield code="a">Percepción</subfield>
        </datafield>
        <datafield tag="856" ind1="0" ind2=" ">
            <subfield code="f">garciala@unizar.es</subfield>
        </datafield>
        <datafield tag="856" ind1="4" ind2=" ">
            <subfield code="s">143062</subfield>
            <subfield code="u">http://zaguan.unizar.es/record/3868/files/INPRO--2009-091.pdf</subfield>
            <subfield code="z">Archivo asociado</subfield>
        </datafield>
        <datafield tag="910" ind1="2" ind2=" ">
            <subfield code="a">Filología inglesa</subfield>
            <subfield code="b">Filología Inglesa y Alemana</subfield>
        </datafield>
        <datafield tag="980" ind1=" " ind2=" ">
            <subfield code="a">PREPRINT</subfield>
        </datafield>
    </record>

    
</collection>